Avtomatika i vyčisliteľnaja technika

Gespeichert in:
Bibliographische Detailangaben
Format: Schriftenreihe
Veröffentlicht: 1989
Tags: Tag hinzufügen
Keine Tags, Fügen Sie das erste Tag hinzu!

MARC

LEADER 00000nas a22000003a 4500
001 stu65170
005 20141122003608.4
008 011106s1989----------------------------d
040 |a STU  |b slo 
041 0
245 |a Avtomatika i vyčisliteľnaja technika 
260 |c 1989 
500 |a 1-6 
500 |a 6 
773 0 |t Avtomatika i vyčisliteľnaja technika  |w stu_us_cat*stu65157  |x 0132-4160  |7 nnas 
996 |d Tom 1989, 1989  |v Tom 1989  |y 1989  |l II680  |s A  |a 24  |w stu65170_0001